Supernatural Season 3 Quiz - Statistics

General Stats
  • This quiz has been taken 371 times
  • The average score is 10 of 25
Answer Stats
Hint Answer % Correct
How many episodes are in this season? 16
96%
What is Lisa's son's name? Ben Braeden
78%
What is Gordon turned into in "Fresh Blood"? A Vampire
76%
Who does Dean reconnect with in "The Kids Are Alright"? Lisa Braeden
76%
Does Dean kill Bela in "Time Is On My Side"? No
68%
Finish the quote: "I'll see you in ____" Hell
58%
Who is helping Bobby reconstruct the colt in "Sin City"? Ruby
52%
What do the deaths resemble in "Bedtime Stories"? Fairy Tales
51%
What are the boys facing in "The Magnificent Seven"? The Seven Deadly Sins
50%
What is the collective name of Ed Zeddmore and Harry Spengler? The Ghostfacers
48%
What is the name of the girl introduced in "Bad Day at Black Rock"? Bela Talbot
47%
Who possesses Ruby at the end of episode sixteen? Lilith
47%
How does Dean die in "No Rest For the Wicked"? Hellhounds
39%
What was Ruby before she was a demon? A witch
35%
Why are there so few episodes this season? There was a writer's strike.
34%
Who does Dean get a call from in "Long-Distance Call"? John Winchester
31%
What did Sam give Dean on Christmas of 1991? The Samulet
24%
What is the Tuesday breakfast special in "Mystery Spot"? Pig in a Poke
22%
Finish the quote: "Aw you fudgin' touch me again ______________" I'll fudgin' kill ya!
19%
What do each of the victims see before they die in "Red Sky at Morning"? A Ghost Ship
18%
Finish the quote: "You kinky son of a bitch _______________" We don't swing that way
13%
Finish the quote: "Sammy , I get all tingly ____________________" When you take control like that
13%
Who arrests Sam and Dean in "Jus in Bello"? Agent Henriksen
10%
Finish the quote: "Do I look like a ___________________" Ditchable prom date to you?
7%
Why did Bobby become a hunter? To avenge his wife's death.
3%
No matching quizzes found
Score Distribution
Percent of People with Each Score
Percentile by Number Answered
Your Score History
You have not taken this quiz